Normal view
MARC view
Entry Nombre personal
001 - NÚMERO DE CONTROL
- campo de control: 144780
003 - IDENTIFICADOR DEL NÚMERO DE CONTROL
- campo de control: CHAP
005 - FECHA Y HORA DE LA ÚLTIMA TRANSACCIÓN
- campo de control: 20240723132337.0
008 - DATOS DE LONGITUD FIJA
- campo de control de longitud fija: 220127|| acz||abbn | a|a d
040 ## - FUENTE DE LA CATALOGACIÓN
- Centro catalogador/agencia de origen: Z
- Centro/agencia transcriptor: CHAP
100 1# - ENCABEZAMIENTO-NOMBRE DE PERSONA
- Nombre de persona: Santana Calderón, Angélica
- Término indicativo de función/relación: traductor
670 ## - FUENTE DE DATOS ENCONTRADOS
- Cita de la fuente: Work cat.: (OSt)169696: Gardner, Eldon John 46847, Principios de genética /, 2007
